[Event "XIII American Continental"]
[Site "Montevideo URU"]
[Date "2018.06.07"]
[Round "7"]
[White "Santarius, Erik"]
[Black "Salinas Herrera, Pablo"]
[Result "1/2-1/2"]
[WhiteElo "2387"]
[BlackElo "2463"]
[EventDate "2018.06.01"]
[PlyCount "191"]

1.d4 Nf6 2.c4 e6 3.Nf3 d5 4.g3 Bb4+ 5.Bd2 Be7 6.Bg2 O-O 7.O-O c6 8.Qc2 
Nbd7 9.b4 Ne4 10.Be1 f5 11.b5 Bd6 12.Nbd2 Ndf6 13.bxc6 bxc6 14.Nb3 Qe8 15.
a3 Ba6 16.Na5 Rc8 17.c5 Bc7 18.Nb3 g5 19.Ba5 Bb8 20.Nc1 Ng4 21.Nd3 Qh5 22.
Rab1 Nh6 23.Nfe5 Bxe5 24.Nxe5 Bxe2 25.Rfe1 Ba6 26.f3 Nf6 27.Bd2 g4 28.Qa4 
Bb5 29.Qxa7 gxf3 30.Bxf3 Nhg4 31.h4 Ne4 32.Bf4 Ra8 33.Qb6 Qe8 34.Rxb5 cxb5
35.c6 Nxe5 36.Bxe5 Nd2 37.Be2 f4 38.gxf4 Qe7 39.Qb7 Ra7 40.Qxe7 Rxe7 41.
Kh1 Rc8 42.Rg1+ Kf8 43.Bd6 Rxc6 44.Bxe7+ Kxe7 45.Bxb5 Rc3 46.Rg7+ Kf6 47.
Rxh7 Rxa3 48.Be8 Kf5 49.Kg2 Kxf4 50.Rf7+ Kg4 51.Rg7+ Kxh4 52.Rg6 Nf3 53.
Rxe6 Nxd4 54.Rh6+ Kg4 55.Bd7+ Kf4 56.Rh4+ Ke5 57.Rh5+ Kd6 58.Be8 Ra7 59.
Kf2 Re7 60.Bg6 Re2+ 61.Kf1 Re7 62.Kf2 Ne6 63.Rf5 Nd8 64.Bh5 Nc6 65.Bf3 Ne5
66.Bxd5 Kxd5 67.Ke3 Rg7 68.Rf8 Rg3+ 69.Kd2 Nc4+ 70.Kc2 Nb6 71.Rb8 Kc5 72.
Rf8 Re3 73.Kd2 Nc4+ 74.Kc2 Nd6 75.Rd8 Ne4 76.Rc8+ Kd4 77.Rd8+ Ke5 78.Re8+ 
Kf4 79.Rf8+ Kg3 80.Kb2 Nf2 81.Kc2 Kg2 82.Kd2 Rg3 83.Kc2 Kf1 84.Re8 Rf3 85.
Kd2 Ra3 86.Re1+ Kg2 87.Re8 Rd3+ 88.Ke2 Rd4 89.Ke3 Ra4 90.Rg8+ Kf1 91.Kf3 
Nd3 92.Rh8 Ne1+ 93.Ke3 Rh4 94.Rxh4 Ng2+ 95.Kf3 Nxh4+ 96.Ke4 1/2-1/2

[Event "XIII American Continental"]
[Site "Montevideo URU"]
[Date "2018.06.07"]
[Round "7"]
[White "De Dovitiis, Alejo"]
[Black "Sosa, Tomas"]
[Result "1/2-1/2"]
[WhiteElo "2343"]
[BlackElo "2453"]
[EventDate "2018.06.01"]
[PlyCount "60"]

1.d4 d5 2.c4 e6 3.Nf3 Nf6 4.g3 Bb4+ 5.Bd2 Bd6 6.Bg2 O-O 7.O-O Nbd7 8.Qc2 
c6 9.Bg5 h6 10.Bxf6 Nxf6 11.Nc3 dxc4 12.Rfd1 b5 13.Ne5 Qb6 14.a4 Bb7 15.a5
Qa6 16.Ne4 Nxe4 17.Qxe4 Rac8 18.Nd7 Rfd8 19.Nc5 Bxc5 20.dxc5 b4 21.Rd6 
Rxd6 22.cxd6 Rd8 23.Qe5 Ba8 24.Qc5 Qb5 25.Qxa7 Qe5 26.Rd1 Qxe2 27.Rc1 Qxb2
28.Rxc4 Qb3 29.Qe7 Qd1+ 30.Bf1 Qxd6 1/2-1/2

[Event "XIII American Continental"]
[Site "Montevideo URU"]
[Date "2018.06.07"]
[Round "7"]
[White "Foisor, Sabina-Francesca"]
[Black "Roselli Mailhe, Bernardo"]
[Result "1/2-1/2"]
[WhiteElo "2301"]
[BlackElo "2433"]
[EventDate "2018.06.01"]
[PlyCount "125"]

1.d4 Nf6 2.Nf3 g6 3.c4 Bg7 4.g3 O-O 5.Bg2 d6 6.Nc3 Nbd7 7.O-O e5 8.e4 c6 
9.h3 exd4 10.Nxd4 Qb6 11.Nde2 Ne8 12.Qc2 a5 13.Bg5 f6 14.Be3 Qc7 15.Na4 b6
16.Nd4 Nc5 17.Nc3 Bb7 18.Rad1 Rc8 19.Na4 Rf7 20.Nxc5 bxc5 21.Ne6 Qe7 22.
Nxg7 Kxg7 23.f4 d5 24.Bd2 d4 25.Rde1 Ra8 26.f5 Bc8 27.g4 Ra7 28.h4 Qd8 29.
g5 gxf5 30.exf5 Rae7 31.Rxe7 Rxe7 32.Qd1 Re5 33.Qg4 Kh8 34.h5 Ng7 35.gxf6 
Qxf6 36.Bg5 Qf7 37.h6 Nxf5 38.Bxc6 Qg6 39.Bd5 Re8 40.Kh1 Ne3 41.Qh4 Nxd5 
42.cxd5 Bb7 43.Qf4 Bxd5+ 44.Kg1 Kg8 45.Qf5 Qxf5 46.Rxf5 Bxa2 47.Rxc5 Re1+ 
48.Kf2 Rb1 49.Bc1 Bd5 50.Ke2 Be4 51.Kd2 Ra1 52.Rc4 Bg6 53.Rxd4 Kf7 54.Rf4+
Ke6 55.Rf1 Ra4 56.Kc3 Kd5 57.Rd1+ Kc6 58.Be3 Re4 59.Kd2 Rc4 60.Rc1 Rxc1 
61.Kxc1 Kb5 62.Kd2 Kc4 63.Bg5 1/2-1/2

[Event "XIII American Continental"]
[Site "Montevideo URU"]
[Date "2018.06.07"]
[Round "7"]
[White "Quintiliano Pinto, Renato Rodrigues"]
[Black "Betaneli, Alexander"]
[Result "1/2-1/2"]
[WhiteElo "2423"]
[BlackElo "2246"]
[EventDate "2018.06.01"]
[PlyCount "111"]

1.e4 e5 2.Nf3 Nc6 3.Bb5 a6 4.Ba4 d6 5.c3 Bd7 6.O-O g6 7.d4 Bg7 8.Re1 Nf6 
9.Nbd2 O-O 10.h3 Re8 11.Bc2 Qe7 12.dxe5 Nxe5 13.Nxe5 Qxe5 14.Nf3 Qh5 15.
Bf4 Bc6 16.Nd2 Qxd1 17.Raxd1 b5 18.f3 Re7 19.Nb3 Rae8 20.Nd4 Bb7 21.a4 b4 
22.cxb4 Nd5 23.Bg5 Nxb4 24.Bb1 Rd7 25.Nb3 Bc6 26.Na5 Bxa4 27.b3 Bb5 28.Bd2
Nd3 29.Bxd3 Bxd3 30.Rc1 c5 31.Bc3 Bb5 32.Bxg7 Kxg7 33.Red1 f5 34.exf5 gxf5
35.Rd5 Re5 36.Rxe5 dxe5 37.Rxc5 Rd1+ 38.Kf2 Rd2+ 39.Kg1 Kf6 40.Nc4 Rc2 41.
g4 fxg4 42.hxg4 Kg5 43.Rxe5+ Kf4 44.Rh5 Kg3 45.Kf1 Kxf3 46.Rh3+ Kxg4 47.
Rxh7 Rc3 48.Rg7+ Kf4 49.Rf7+ Ke4 50.Ke1 Kd4 51.Rf4+ Kd3 52.Rf3+ Kc2 53.
Rxc3+ Kxc3 54.Kd1 Kxb3 55.Kc1 Bxc4 56.Kb1 1/2-1/2

[Event "XIII American Continental"]
[Site "Montevideo URU"]
[Date "2018.06.07"]
[Round "7"]
[White "Jodorcovsky Werjivker, Paulo"]
[Black "Escalante Ramirez, Brian Sebastian"]
[Result "1/2-1/2"]
[WhiteElo "2249"]
[BlackElo "2422"]
[EventDate "2018.06.01"]
[PlyCount "82"]

1.d4 f5 2.g3 Nf6 3.Bg2 g6 4.Nf3 Bg7 5.O-O O-O 6.b3 b6 7.Ne5 d5 8.c4 Bb7 9.
Nc3 e6 10.Ba3 Re8 11.Rc1 a6 12.e3 Nbd7 13.Qe2 Ne4 14.f4 Ndf6 15.Nxe4 dxe4 
16.g4 fxg4 17.Nxg4 Nxg4 18.Qxg4 c5 19.Rcd1 cxd4 20.exd4 Bxd4+ 21.Kh1 Qf6 
22.Qe2 e5 23.fxe5 Qxe5 24.Rxd4 Qxd4 25.Bb2 Qc5 26.Qe1 Rf8 27.Rxf8+ Rxf8 
28.Qc3 Qe7 29.Qh8+ Kf7 30.Qxh7+ Ke8 31.Qxe7+ Kxe7 32.Ba3+ Kf7 33.Bxf8 Kxf8
34.Kg1 Ke7 35.Kf1 Kd6 36.Ke2 Ke5 37.Ke3 g5 38.Bh3 a5 39.a3 Bc6 40.b4 axb4 
41.axb4 Be8 1/2-1/2

[Event "XIII American Continental"]
[Site "Montevideo URU"]
[Date "2018.06.07"]
[Round "7"]
[White "Slipak, Sergio"]
[Black "Balzano, Ivan"]
[Result "1/2-1/2"]
[WhiteElo "2420"]
[BlackElo "2142"]
[EventDate "2018.06.01"]
[PlyCount "31"]

1.c4 Nf6 2.Nc3 c5 3.g3 Nc6 4.Bg2 e6 5.Nf3 Be7 6.O-O O-O 7.d4 cxd4 8.Nxd4 
d5 9.cxd5 Nxd5 10.Nxc6 bxc6 11.Bd2 Ba6 12.Na4 Rb8 13.Rc1 c5 14.b3 Rc8 15.
Nb2 Nb6 16.Nc4 1/2-1/2

[Event "XIII American Continental"]
[Site "Montevideo URU"]
[Date "2018.06.07"]
[Round "7"]
[White "Moradiabadi, Elshan"]
[Black "Coppola, Claudio"]
[Result "1-0"]
[WhiteElo "2549"]
[BlackElo "2228"]
[EventDate "2018.06.01"]
[PlyCount "73"]

1.d4 d5 2.c4 c6 3.Nf3 Nf6 4.Nbd2 Bf5 5.Nh4 Be4 6.Qb3 Qc7 7.Nxe4 Nxe4 8.Nf3
e6 9.Nd2 Nd6 10.e3 g6 11.g3 Bg7 12.Bg2 O-O 13.O-O Nd7 14.Qc2 Rac8 15.c5 
Nf5 16.Nf3 Rfe8 17.Bh3 b6 18.b4 bxc5 19.bxc5 Rb8 20.Bd2 Nf6 21.Rfb1 Ne4 
22.Be1 h5 23.Rb3 Rxb3 24.axb3 Nh6 25.Qa2 Re7 26.Qa5 Ng4 27.Qxc7 Rxc7 28.
Ra6 e5 29.Bf1 exd4 30.exd4 Nh6 31.Ba5 Rb7 32.b4 Nf5 33.Rxc6 Nxd4 34.Rc8+ 
Kh7 35.Nxd4 Bxd4 36.c6 Re7 37.c7 1-0

[Event "XIII American Continental"]
[Site "Montevideo URU"]
[Date "2018.06.07"]
[Round "7"]
[White "Morovic Fernandez, Ivan"]
[Black "Carvalho, Guillermo"]
[Result "1-0"]
[WhiteElo "2513"]
[BlackElo "2195"]
[EventDate "2018.06.01"]
[PlyCount "151"]

1.d4 d5 2.c4 e6 3.Nc3 c5 4.cxd5 exd5 5.Nf3 Nc6 6.dxc5 d4 7.Na4 Bxc5 8.Nxc5
Qa5+ 9.Bd2 Qxc5 10.b4 Nxb4 11.Rc1 Qd6 12.e3 Nc6 13.Nxd4 Nge7 14.Bc3 O-O 
15.Bd3 Qh6 16.O-O Rd8 17.Be4 Be6 18.Qa4 Nxd4 19.Bxd4 Bd5 20.Bxd5 Nxd5 21.
Rfd1 Qe6 22.h3 h6 23.Qb5 Rd7 24.a4 a6 25.Qb2 f6 26.a5 Re8 27.Rd3 b5 28.
axb6 Nxb6 29.Qa1 Nc4 30.Rdc3 Rc8 31.Qa2 Rdc7 32.Rb1 Rc6 33.Rb7 Qd5 34.Qb3 
Kh8 35.Rb8 Qg8 36.Rxc8 Qxc8 37.Qb4 Nd6 38.Qxd6 Rxc3 39.Bxc3 Qxc3 40.Qxa6 
Qe1+ 41.Qf1 Qc3 42.Qd1 f5 43.g3 Qc4 44.Qf3 Qd3 45.Kg2 Qc2 46.g4 g6 47.Qd5 
Kg7 48.Kf3 Kf6 49.Qd6+ Kf7 50.gxf5 gxf5 51.Qxh6 Qd1+ 52.Kf4 Qf1 53.Qh5+ 
Ke7 54.Qg5+ Ke8 55.Qh5+ Ke7 56.Qf3 Kf6 57.Qc6+ Ke7 58.Qc5+ Ke8 59.Qe5+ Kd8
60.Qh8+ Ke7 61.f3 Qc4+ 62.Qd4 Qe2 63.Qe5+ Kd8 64.Qd5+ Ke7 65.Kxf5 Qf1 66.
h4 Qh3+ 67.Kg6 Qf1 68.h5 Ke8 69.Kf6 Qf2 70.h6 Qh4+ 71.Qg5 Qh1 72.Qe5+ Kd8 
73.Kg6 Qb1+ 74.e4 Kd7 75.h7 Qg1+ 76.Kf7 1-0

[Event "XIII American Continental"]
[Site "Montevideo URU"]
[Date "2018.06.07"]
[Round "7"]
[White "Vazquez Colman, Guillermo"]
[Black "Madeira, Wagner Martins"]
[Result "1-0"]
[WhiteElo "2436"]
[BlackElo "2171"]
[EventDate "2018.06.01"]
[PlyCount "81"]

1.e4 d6 2.d4 Nf6 3.Nc3 g6 4.Be3 c6 5.h3 Bg7 6.Nf3 O-O 7.Bd3 Nbd7 8.O-O e5 
9.dxe5 dxe5 10.Qd2 Qe7 11.Ne2 Nc5 12.Qb4 Nfd7 13.a4 a5 14.Qa3 Bf6 15.Qc3 
Ne6 16.Bc4 Re8 17.Bxe6 Qxe6 18.Rfd1 Be7 19.Ng5 Qf6 20.Nc1 Bb4 21.Qc4 b6 
22.Nd3 Ba6 23.Qxf7+ Qxf7 24.Nxf7 Bxd3 25.Rxd3 Nc5 26.Nh6+ Kh8 27.Rd6 Rac8 
28.Rdd1 Nxe4 29.Bxb6 Kg7 30.Ng4 Re7 31.Ne3 Bc5 32.Bxc5 Nxc5 33.Nc4 Nb7 34.
Ra3 e4 35.Rg3 Kf6 36.Rc3 Rce8 37.Rd4 c5 38.Rd1 Rc8 39.Rb3 Rc6 40.Rxb7 Rxb7
41.Nxa5 1-0

[Event "XIII American Continental"]
[Site "Montevideo URU"]
[Date "2018.06.07"]
[Round "7"]
[White "Fernandez Cardoso, Alexey"]
[Black "Curi Milia, Gabriel"]
[Result "0-1"]
[WhiteElo "2429"]
[BlackElo "2141"]
[EventDate "2018.06.01"]
[PlyCount "144"]

1.e4 e6 2.d4 d5 3.Nd2 Nf6 4.e5 Nfd7 5.f4 c5 6.c3 Nc6 7.Ndf3 Be7 8.g3 Qb6 
9.Ne2 cxd4 10.cxd4 f6 11.Bh3 fxe5 12.fxe5 O-O 13.Rf1 Kh8 14.Bg4 Bb4+ 15.
Bd2 Rxf3 16.Bxf3 Nxd4 17.Nxd4 Qxd4 18.Bxb4 Qxb4+ 19.Qd2 Qe7 20.Qd4 b6 21.
Be2 Bb7 22.Rc1 Nc5 23.Qh4 Qd7 24.Qf4 Kg8 25.b4 Ne4 26.Bd3 Qe7 27.Ke2 h6 
28.b5 a6 29.a4 axb5 30.axb5 Ra4 31.Qe3 d4 32.Qf4 Nc5 33.Ra1 Nxd3 34.Kxd3 
Ra3+ 35.Rxa3 Qxa3+ 36.Kxd4 Qc5+ 37.Kd3 Qxb5+ 38.Kc3 Bd5 39.Rc1 Qe2 40.Rc2 
Qb5 41.Qb4 Qf1 42.Kb2 Qf5 43.Qd4 Kh7 44.Rf2 Qh5 45.h4 b5 46.Kc3 Qe8 47.g4 
Qe7 48.h5 b4+ 49.Kb2 b3 50.Rf1 Qh4 51.Qd3+ Kg8 52.Qe2 Qd8 53.Rc1 Qa8 54.
Ra1 Qb8 55.Ra4 Qc7 56.Ra6 Qc5 57.Ra4 Qc7 58.Ra1 Qb8 59.Qe3 Qc7 60.Rc1 Qd8 
61.Qd2 Qa8 62.Ra1 Qb8 63.Qc3 Qb6 64.Qd3 Qb8 65.Qd4 Qb5 66.Qe3 Qc4 67.Qf2 
Qxg4 68.Ra7 Qxh5 69.Ka3 Qxe5 70.Rd7 Qa1+ 71.Kb4 Qf6 72.Qg1 b2 0-1

[Event "XIII American Continental"]
[Site "Montevideo URU"]
[Date "2018.06.07"]
[Round "7"]
[White "Mesias Rojas, Rabindranath"]
[Black "Campora, Daniel Hugo"]
[Result "0-1"]
[WhiteElo "2203"]
[BlackElo "2424"]
[EventDate "2018.06.01"]
[PlyCount "122"]

1.d4 Nf6 2.Nc3 d5 3.Bf4 e6 4.Nb5 Bd6 5.Nxd6+ cxd6 6.e3 Nc6 7.Nf3 O-O 8.Be2
Qe7 9.O-O Ne4 10.h3 f5 11.c4 Kh8 12.Bh2 a6 13.Rc1 Bd7 14.Nd2 Nf6 15.Bf3 
Be8 16.cxd5 exd5 17.Qb3 Bf7 18.Qa3 Rad8 19.Nb3 g5 20.Na5 Be8 21.Nxc6 Bxc6 
22.Bd1 Qd7 23.Qa5 Rg8 24.a4 Rg7 25.b4 Rdg8 26.Qb6 Ne4 27.Re1 g4 28.hxg4 
fxg4 29.Bf4 g3 30.f3 Nf2 31.b5 axb5 32.axb5 Nh3+ 33.Kf1 Bxb5+ 34.Be2 Bc6 
35.Qb4 Nxf4 36.exf4 Qe7 37.Bb5 Qh4 38.Bxc6 Qh1+ 39.Ke2 Qxg2+ 40.Kd3 bxc6 
41.Qxd6 Qxf3+ 42.Re3 Qg4 43.Qe5 g2 44.Rg1 Rf8 45.Re2 Qf3+ 46.Kc2 Qxf4 47.
Rexg2 Qxe5 48.dxe5 Rxg2+ 49.Rxg2 Rg8 50.Rh2 Rg4 51.Rh6 Kg7 52.Rd6 h5 53.
Kd3 Rc4 54.Ke3 Kf7 55.Kf3 h4 56.Rh6 c5 57.Rd6 Rd4 58.Rh6 c4 59.Rd6 c3 60.
Ke3 Rc4 61.Rf6+ Ke7 0-1

[Event "XIII American Continental"]
[Site "Montevideo URU"]
[Date "2018.06.07"]
[Round "7"]
[White "Gemy Vargas, Jose Daniel"]
[Black "Carvalho, Herbert Abreu"]
[Result "1-0"]
[WhiteElo "2393"]
[BlackElo "2149"]
[EventDate "2018.06.01"]
[PlyCount "61"]

1.e4 g6 2.d4 Bg7 3.Nf3 d6 4.h3 Nf6 5.Bd3 O-O 6.O-O c5 7.c3 Qc7 8.Re1 e5 9.
dxe5 dxe5 10.Bc4 Nbd7 11.a4 Nb6 12.Bf1 Bd7 13.Nbd2 Bc6 14.b4 a5 15.bxc5 
Nxa4 16.Rxa4 Bxa4 17.Qxa4 Nd7 18.Nb3 Rfc8 19.Be3 Bf8 20.Rd1 Nxc5 21.Nxc5 
Bxc5 22.Rd7 Qb6 23.Qc4 Qe6 24.Qxe6 fxe6 25.Bc4 Bxe3 26.Bxe6+ Kh8 27.fxe3 
Rc6 28.Bd5 Rac8 29.Bxc6 Rxc6 30.Rxb7 Rxc3 31.Ra7 1-0

[Event "XIII American Continental"]
[Site "Montevideo URU"]
[Date "2018.06.07"]
[Round "7"]
[White "Mafra, Kaiser Luiz"]
[Black "Bick, Gabriel"]
[Result "1/2-1/2"]
[WhiteElo "2116"]
[BlackElo "2391"]
[EventDate "2018.06.01"]
[PlyCount "59"]

1.e4 e5 2.Nf3 Nc6 3.Bb5 a6 4.Ba4 Nf6 5.O-O b5 6.Bb3 Bc5 7.Nxe5 Nxe5 8.d4 
Bxd4 9.Qxd4 d6 10.f4 Nc6 11.Qd3 O-O 12.Nc3 Na5 13.Nd5 Nxb3 14.axb3 Re8 15.
Nxf6+ Qxf6 16.Bd2 Bb7 17.Rae1 Qe7 18.e5 Qh4 19.exd6 cxd6 20.Qg3 Qxg3 21.
hxg3 Be4 22.c3 a5 23.Ra1 Bd5 24.b4 axb4 25.Rxa8 Bxa8 26.cxb4 h5 27.Kf2 f6 
28.Bc3 Kf7 29.Rh1 Rh8 30.Ra1 1/2-1/2

[Event "XIII American Continental"]
[Site "Montevideo URU"]
[Date "2018.06.07"]
[Round "7"]
[White "Coro, Lucas"]
[Black "Andrade, Roberto Luiz Costa"]
[Result "1-0"]
[WhiteElo "2269"]
[BlackElo "2060"]
[EventDate "2018.06.01"]
[PlyCount "71"]

1.e4 c5 2.Nf3 Nc6 3.Bb5 d6 4.O-O Bd7 5.c3 Nf6 6.Re1 a6 7.Bf1 Bg4 8.h3 Bxf3
9.Qxf3 g6 10.Qd1 Bh6 11.Na3 O-O 12.Nc2 Qb6 13.b3 Qa5 14.Bb2 Rac8 15.a3 
Rfe8 16.Ne3 b5 17.d4 cxd4 18.cxd4 Bg7 19.d5 Nb8 20.a4 Qb4 21.axb5 axb5 22.
Ba3 Qxe4 23.Bxb5 Red8 24.Ra2 Nbd7 25.Rd2 Qh4 26.Rd4 Qh6 27.Nc4 Nh5 28.Bc1 
g5 29.Rg4 Nf4 30.h4 f6 31.Bxd7 Rxd7 32.Nb6 Rxc1 33.Qxc1 Nd3 34.Qc8+ Bf8 
35.Nxd7 Nxe1 36.hxg5 1-0

[Event "XIII American Continental"]
[Site "Montevideo URU"]
[Date "2018.06.07"]
[Round "7"]
[White "Larrea, Manuel"]
[Black "Suarez, Pedro"]
[Result "1-0"]
[WhiteElo "2268"]
[BlackElo "1924"]
[EventDate "2018.06.01"]
[PlyCount "121"]

1.e4 e6 2.d4 d5 3.Nc3 Nf6 4.e5 Nfd7 5.f4 c5 6.Nf3 Nc6 7.Be3 a6 8.Qd2 b5 9.
Be2 Qc7 10.Nd1 cxd4 11.Nxd4 Nxd4 12.Bxd4 g5 13.O-O Bc5 14.Bxc5 Nxc5 15.Nf2
gxf4 16.Qxf4 f5 17.Bh5+ Kd8 18.b4 Na4 19.Nd3 Qe7 20.Qd4 Bd7 21.c3 Be8 22.
Bd1 Rb8 23.Bxa4 bxa4 24.Nc5 Bb5 25.Rf3 Rg8 26.Rh3 Rg6 27.Qh4 Qxh4 28.Rxh4 
h6 29.Kf2 Ke7 30.Rd1 Rbg8 31.g3 Rc8 32.Ke3 a3 33.Kd2 a5 34.Nb3 a4 35.Nd4 
Bc4 36.Ra1 Kd7 37.Nc2 f4 38.Rxf4 Rg5 39.Nxa3 Rxe5 40.Nxc4 dxc4 41.Re1 Rh5 
42.h4 Rg8 43.Re3 Rd5+ 44.Ke2 Rd3 45.Rff3 Rxe3+ 46.Kxe3 Kd6 47.Kf2 Ke5 48.
Rf4 Rd8 49.Rxc4 Rd2+ 50.Ke3 Rxa2 51.Rc5+ Kd6 52.Ra5 Rg2 53.Kd4 Rxg3 54.
Ra6+ Kd7 55.Rxa4 Rg4+ 56.Kc5 Rxh4 57.Ra7+ Kc8 58.b5 Kb8 59.Rh7 Kc8 60.b6 
Rh3 61.b7+ 1-0

[Event "XIII American Continental"]
[Site "Montevideo URU"]
[Date "2018.06.07"]
[Round "7"]
[White "Mariani, Daniel Brandao"]
[Black "Carbone, Diego"]
[Result "0-1"]
[WhiteElo "2055"]
[BlackElo "2242"]
[EventDate "2018.06.01"]
[PlyCount "44"]

1.c4 c5 2.Nc3 Nc6 3.g3 g6 4.Bg2 Bg7 5.Nf3 e6 6.d3 Nge7 7.Bg5 h6 8.Bd2 d6 
9.a3 b6 10.Rb1 Bb7 11.b4 Qd7 12.O-O Rd8 13.e3 O-O 14.Qb3 Ne5 15.Ne1 Bxg2 
16.Kxg2 Qc6+ 17.e4 d5 18.cxd5 exd5 19.bxc5 dxe4 20.Nxe4 Nxd3 21.Nxd3 Qxe4+
22.f3 Qxd3 0-1

[Event "XIII American Continental"]
[Site "Montevideo URU"]
[Date "2018.06.07"]
[Round "7"]
[White "Ledezma Panades, Hernan Javier"]
[Black "Gauche, Charles"]
[Result "1/2-1/2"]
[WhiteElo "1887"]
[BlackElo "2235"]
[EventDate "2018.06.01"]
[PlyCount "93"]

1.e4 e5 2.Nf3 Nc6 3.Bc4 Nf6 4.d3 Bc5 5.O-O d6 6.c3 Bg4 7.Re1 Qd7 8.Nbd2 
O-O 9.Bb3 Kh8 10.Nf1 Rae8 11.h3 Bh5 12.Ng3 Bg6 13.Nh4 d5 14.Bg5 Re6 15.
Nhf5 dxe4 16.dxe4 Qxd1 17.Raxd1 Ree8 18.Bxf6 gxf6 19.Rd7 Bb6 20.h4 Rd8 21.
Red1 Rxd7 22.Rxd7 Rd8 23.Rxd8+ Nxd8 24.Ne7 h6 25.h5 Bh7 26.Nd5 Kg7 27.Nxb6
axb6 28.Bc2 Ne6 29.Ne2 Ng5 30.f3 Kf8 31.Kf2 Ke7 32.Ke3 Ne6 33.g4 Ng5 34.a3
Kd6 35.b4 Ne6 36.Bb3 Ng5 37.Bc2 Ne6 38.Bb3 Ng5 39.Bc2 Ne6 40.f4 exf4+ 41.
Nxf4 Bg8 42.Bb3 c6 43.Bc4 b5 44.Bxe6 fxe6 45.Nd3 e5 46.Nf2 Be6 47.Kf3 
1/2-1/2

[Event "XIII American Continental"]
[Site "Montevideo URU"]
[Date "2018.06.07"]
[Round "7"]
[White "Muniz, Rafael"]
[Black "Lopez Falcon, Jorge"]
[Result "1-0"]
[WhiteElo "2290"]
[BlackElo "2120"]
[EventDate "2018.06.01"]
[PlyCount "73"]

1.e4 c5 2.Nf3 e6 3.d4 cxd4 4.Nxd4 a6 5.Bd3 Bc5 6.Nb3 Ba7 7.Qe2 Nc6 8.Be3 
Nf6 9.N1d2 d6 10.a4 O-O 11.Bxa7 Rxa7 12.O-O e5 13.Kh1 Be6 14.f4 exf4 15.
Rxf4 Ne5 16.Nd4 Ra8 17.Raf1 Qe7 18.Bc4 Kh8 19.Bb3 Ng6 20.R4f2 Rac8 21.Nf5 
Bxf5 22.Rxf5 Rc5 23.Qf2 Rxf5 24.Qxf5 Qe5 25.Nc4 Qxe4 26.Nxd6 Qe7 27.Rd1 
Kg8 28.Qf3 b6 29.a5 bxa5 30.Qb7 Qxb7 31.Nxb7 a4 32.Bxa4 Rb8 33.Nc5 Rxb2 
34.Bb3 h5 35.Nd3 Rxb3 36.cxb3 Nd5 37.Ra1 1-0

[Event "XIII American Continental"]
[Site "Montevideo URU"]
[Date "2018.06.07"]
[Round "7"]
[White "Kimelman Bercovici, Gabriel"]
[Black "Guerrero, Alvaro"]
[Result "1-0"]
[WhiteElo "2279"]
[BlackElo "2116"]
[EventDate "2018.06.01"]
[PlyCount "43"]

1.c4 g6 2.g3 Bg7 3.Bg2 d6 4.d4 Nf6 5.Nc3 O-O 6.Nf3 a6 7.O-O Nc6 8.d5 Na5 
9.Nd2 c5 10.Qc2 Rb8 11.b3 b5 12.Bb2 e6 13.dxe6 Bxe6 14.cxb5 axb5 15.Rfd1 
Qb6 16.Nde4 Bf5 17.Nxf6+ Bxf6 18.e4 Be6 19.Nd5 Bxd5 20.Bxf6 Ba8 21.Qd2 d5 
22.Qh6 1-0

[Event "XIII American Continental"]
[Site "Montevideo URU"]
[Date "2018.06.07"]
[Round "7"]
[White "Sauvageot Ledezma, Diego"]
[Black "Cimer, Emanuel"]
[Result "0-1"]
[WhiteElo "2084"]
[BlackElo "2262"]
[EventDate "2018.06.01"]
[PlyCount "68"]

1.e4 c5 2.Nf3 d6 3.c3 Nf6 4.h3 g6 5.Bd3 Bg7 6.O-O O-O 7.Bc2 Nc6 8.d4 cxd4 
9.cxd4 e5 10.d5 Ne7 11.Nc3 Ne8 12.a4 h6 13.a5 f5 14.exf5 gxf5 15.Nh4 Nc7 
16.Ra3 Qe8 17.f4 e4 18.g4 Qf7 19.gxf5 Nxf5 20.Nxf5 Bxf5 21.Nxe4 Rae8 22.
Ng3 Bxc2 23.Qxc2 Nxd5 24.Qc4 Rc8 25.Qe2 Rxc1 26.Rxc1 Nxf4 27.Qc2 Qe6 28.
Qc4 d5 29.Qa4 Bxb2 30.Rf1 Bxa3 31.Qxa3 Qxh3 32.Rf2 Ne2+ 33.Rxe2 Rf1+ 34.
Nxf1 Qxa3 0-1

[Event "XIII American Continental"]
[Site "Montevideo URU"]
[Date "2018.06.07"]
[Round "7"]
[White "Vergara Jofre, Felipe"]
[Black "Santos Filho, Tadeu Sousa"]
[Result "1-0"]
[WhiteElo "2245"]
[BlackElo "2096"]
[EventDate "2018.06.01"]
[PlyCount "61"]

1.e4 e6 2.d4 d5 3.Bd3 dxe4 4.Bxe4 Nf6 5.Bf3 c5 6.Ne2 Nc6 7.Be3 Qb6 8.Nbc3 
Be7 9.O-O cxd4 10.Nxd4 Nxd4 11.Qxd4 Qa5 12.Bf4 O-O 13.Rfd1 Re8 14.a3 Bc5 
15.Qe5 Qb6 16.Na4 Bxf2+ 17.Kf1 Qa6+ 18.Kxf2 Qxa4 19.b3 Qa6 20.Rd6 b6 21.
Bh6 Ng4+ 22.Bxg4 gxh6 23.Bf3 Bb7 24.Rd7 Bd5 25.Qf6 Rf8 26.Bh5 e5 27.Rxd5 
Qc8 28.Rad1 Qxc2+ 29.R1d2 Qc1 30.Bxf7+ Rxf7 31.Rd8+ 1-0

[Event "XIII American Continental"]
[Site "Montevideo URU"]
[Date "2018.06.07"]
[Round "7"]
[White "Teixeira, Ricardo da Silva"]
[Black "Pomar, Marcelo Nascimento"]
[Result "1-0"]
[WhiteElo "2235"]
[BlackElo "2037"]
[EventDate "2018.06.01"]
[PlyCount "53"]

1.Nf3 Nf6 2.c4 c5 3.Nc3 d5 4.cxd5 Nxd5 5.e4 Nb4 6.Bc4 Nd3+ 7.Ke2 Nf4+ 8.
Kf1 Ne6 9.b4 Nc6 10.bxc5 Ned4 11.Nxd4 Qxd4 12.Qe2 e6 13.Bb2 Qxc5 14.Nb5 
Na5 15.Rc1 Nxc4 16.Rxc4 Qb6 17.Bd4 Qa5 18.Bc3 Qb6 19.Nc7+ Kd8 20.Qd3+ Bd7 
21.Nxa8 Qa6 22.Nc7 Qxa2 23.Rd4 Kxc7 24.Rxd7+ Kc6 25.Rxf7 Bd6 26.e5 Bc5 27.
Qd7+ 1-0

[Event "XIII American Continental"]
[Site "Montevideo URU"]
[Date "2018.06.07"]
[Round "7"]
[White "Borges, Guilherme Deola"]
[Black "Restuccia, Francisco"]
[Result "1-0"]
[WhiteElo "2219"]
[BlackElo "2094"]
[EventDate "2018.06.01"]
[PlyCount "65"]

1.d4 Nf6 2.Bg5 e6 3.c4 h6 4.Bh4 c5 5.e3 cxd4 6.exd4 Qa5+ 7.Nc3 Ne4 8.Qc2 
Nxc3 9.bxc3 d6 10.Bd3 Nd7 11.Ne2 Nf6 12.Bxf6 gxf6 13.Rb1 f5 14.O-O Be7 15.
Rfe1 Rg8 16.d5 Qc7 17.Nd4 e5 18.Nxf5 Bxf5 19.Bxf5 Qxc4 20.Rxb7 Rd8 21.Rxa7
Qxd5 22.Be4 Qc5 23.Rb7 Kf8 24.Bf3 Rg7 25.c4 Bh4 26.Bd5 Rc8 27.Qf5 Rc7 28.
Rxc7 Qxc7 29.Rb1 Qa5 30.g3 Bd8 31.Rb7 Be7 32.Rb8+ Bd8 33.Qd7 1-0

[Event "XIII American Continental"]
[Site "Montevideo URU"]
[Date "2018.06.07"]
[Round "7"]
[White "Izquierdo, Daniel"]
[Black "Fernandez, Maria Florencia"]
[Result "0-1"]
[WhiteElo "2078"]
[BlackElo "2203"]
[EventDate "2018.06.01"]
[PlyCount "92"]

1.d4 Nf6 2.Nf3 g6 3.c4 Bg7 4.Nc3 O-O 5.e4 d6 6.Be2 e5 7.d5 a5 8.Bg5 h6 9.
Bh4 g5 10.Bg3 Nh5 11.h4 Nxg3 12.fxg3 g4 13.Nh2 h5 14.O-O Bh6 15.Bd3 c6 16.
Qe2 Na6 17.Rf2 a4 18.Nf1 a3 19.Ne3 axb2 20.Raf1 Qb6 21.Nf5 Bxf5 22.exf5 f6
23.Kh2 Be3 24.Ne4 Bxf2 25.Nxf2 cxd5 26.Rb1 Qd4 27.Rxb2 Nc5 28.cxd5 Ra3 29.
Rd2 Rfa8 30.Bb1 Qe3 31.Qxe3 Rxe3 32.Rb2 Raa3 33.Rb6 Ra6 34.Rb2 Kf7 35.Nd1 
Rea3 36.Kg1 Rxg3 37.Kf2 Rga3 38.Ke2 Ke7 39.Ne3 Rc3 40.Nd1 Rg3 41.Kf2 Rga3 
42.Ke2 R6a4 43.Ne3 g3 44.Nc2 Re4+ 45.Kd2 Rd3+ 46.Kc1 Re2 0-1

[Event "XIII American Continental"]
[Site "Montevideo URU"]
[Date "2018.06.07"]
[Round "7"]
[White "Mosconi, Ariel"]
[Black "Cabrera Pando, Ramiro"]
[Result "0-1"]
[WhiteElo "2073"]
[BlackElo "2196"]
[EventDate "2018.06.01"]
[PlyCount "62"]

1.Nf3 g6 2.c4 Bg7 3.g3 c5 4.Bg2 Nc6 5.O-O d6 6.Nc3 e5 7.d3 Nge7 8.Ne1 Be6 
9.Nd5 O-O 10.Nc2 Rb8 11.Bg5 f6 12.Bd2 b5 13.b3 Qd7 14.Re1 Bh3 15.Bh1 f5 
16.Bg5 f4 17.Bxe7 Nxe7 18.Nxe7+ Qxe7 19.e3 fxg3 20.fxg3 e4 21.Rc1 Bc3 22.
Qe2 Bxe1 23.Rxe1 exd3 24.Qxd3 Qf6 25.Bd5+ Kg7 26.Qe2 Qe5 27.e4 bxc4 28.
Qxc4 Rf6 29.Ne3 Rbf8 30.Qe2 Qd4 31.Bc4 Rf1+ 0-1

[Event "XIII American Continental"]
[Site "Montevideo URU"]
[Date "2018.06.07"]
[Round "7"]
[White "Okamura, Milton Kasuo"]
[Black "Cerda Albornoz, Guillermo"]
[Result "1-0"]
[WhiteElo "2050"]
[BlackElo "2195"]
[EventDate "2018.06.01"]
[PlyCount "93"]

1.d4 c5 2.d5 e5 3.c4 d6 4.Nc3 g6 5.Nf3 Bg7 6.e4 Ne7 7.Bd3 O-O 8.O-O f5 9.
a3 f4 10.b4 b6 11.Rb1 Nd7 12.Bd2 h6 13.Be2 Nf6 14.Ne1 g5 15.h3 Kh8 16.Nd3 
Rg8 17.Be1 Bf8 18.f3 h5 19.Nf2 Rg7 20.Rb2 Neg8 21.bxc5 bxc5 22.Qb1 Nh6 23.
Rb8 Rxb8 24.Qxb8 Rb7 25.Qa8 Rg7 26.Nb5 Qd7 27.Nxa7 Qxa7 28.Qxc8 Kg8 29.Qd8
Kf7 30.Ba5 Be7 31.Qc7 Qa8 32.Rb1 Ne8 33.Qb6 Kf8 34.Bd1 Kf7 35.Ba4 g4 36.
fxg4 hxg4 37.Bd7 gxh3 38.Bxh3 f3 39.Be6+ Kf6 40.g4 Kg6 41.Rb3 Nf6 42.Rxf3 
Kh7 43.Rh3 Ng8 44.Bd2 Bg5 45.Bxg5 Rxg5 46.Qxd6 Qe8 47.Bxg8+ 1-0